000 00892pam a2200265 a 4500
999 _c4860
_d4860
001 4924761
003 GZU
005 20210324145332.0
008 950419s1996 njua 001 0 eng
010 _a 95017392
020 _a0133247813 (hc : alk. paper)
040 _aDLC
_cDLC
_dDLC
050 0 0 _aQA152.2
_b.A54 1996
082 0 0 _a512.9
_220
100 1 _aAngel, Allen R.,
_d1942-
245 1 0 _aElementary algebra for college students /
_cAllen R. Angel.
250 _a4th ed.
260 _aUpper Saddle River, N.J. :
_bPrentice Hall,
_cc1996.
300 _a1 v. (various pagings) :
_bill. (some col.) ;
_c26 cm.
500 _aIncludes index.
650 0 _aAlgebra.
906 _a7
_bcbc
_corignew
_d1
_eocip
_f19
_gy-gencatlg
942 _2lcc
_cBK
_e4th
_h152.2
_iANG
_kQA